000
00263 a2200097 4500
001
59716
100
_a
245
_a
Physics for scientists and engineers 6th ed, With modern physics
260
_a
New york
_b
W.H Freeman&comp
_c
2008
090
_c
36597
_d
36597
942
_a
NUST-CAE
_c
MONOGRAPH
_c
29554
999
_c
294789
_d
294789